Statistics for Billboard Hot 100 Top 100 Songs of February 20, 2016

Click here to take the quiz!

General Stats

  • This quiz has been taken 73 times
  • The average score is 27 of 109

Answer Stats

Chart PositionArtistAnswer% Correct
#5 (-1)AdeleHello
91%
#1 (DEBUT)Zayn MalikPillowtalk
91%
#3 (-1)Justin BieberSorry
91%
#2 (-1)Justin BieberLove Yourself
82%
#18 (-4)DrakeHotline Bling
79%
#7 (+2)Rihanna ft. DrakeWork
79%
#21 (-4)Justin BieberWhat Do You Mean?
77%
#11 (=)Shawn MendesStitches
72%
#4 (-1)twenty one pilotsStressed Out
70%
#14 (+4)DNCECake By The Ocean
67%
#45 (-4)Wiz Khalifa ft. Charlie PuthSee You Again
65%
#10 (+2)G-Eazy ft. Bebe RexhaMe, Myself And I
61%
#8 (-3)Flo RidaMy House
61%
#43 (+14)Lukas Graham7 Years
60%
#9 (-3)The Chainsmokers ft. ROZESRoses
60%
#42 (-7)The WeekndCan't Feel My Face
54%
#13 (-6)Selena GomezHands To Myself
54%
#12 (-2)Alessia CaraHere
54%
#17 (+5)Charlie PuthOne Call Away
53%
#15 (-7)Selena GomezSame Old Love
53%
#23 (-2)The WeekndThe Hills
49%
#38 (+1)SilentoWatch Me (Whip/Nae Nae)
49%
#41 (-5)Major Lazer and DJ Snake ft. MoLean On
47%
#26 (-1)Shawn Mendes & Camila CabelloI Know What You Did Last Summer
46%
#19 (-3)Bryson TillerDon't
39%
#92 (Re-Entry)One DirectionHistory
39%
#48 (+11)Mike PosnerI Took A Pill In Ibiza
39%
#20 (-5)Meghan Trainor ft. John LegendLike I'm Gonna Lose You
39%
#29 (=)AdeleWhen We Were Young
37%
#31 (-3)Fetty Wap ft. Remy Boyz679
35%
#54 (-11)One DirectionPerfect
35%
#32 (-1)Elle KingEx's And Oh's
32%
#16 (-3)The WeekndIn The Night
32%
#22 (-2)Drake & FutureJumpman
32%
#25 (-1)DayaHideaway
30%
#34 (-2)Ellie GouldingOn My Mind
30%
#36 (+9)ColdplayAdventure Of A Lifetime
28%
#76 (+3)David Guetta ft. Sia & Fetty WapBang My Head
28%
#37 (=)Rachel PlattenStand By You
28%
#80 (-5)James BayLet It Go
26%
#78 (DEBUT)Charlie Puth ft. Selena GomezWe Don't Talk Anymore
25%
#24 (-5)Post MaloneWhite Iverson
25%
#35 (-1)Taylor SwiftWildest Dreams
25%
#49 (-5)Taylor SwiftOut Of The Woods
23%
#68 (DEBUT)ColdplayHymn For The Weekend
21%
#60 (-6)Robin Schulz ft. Francesco YatesSugar
21%
#28 (-5)Travi$ ScottAntidote
18%
#67 (-20)Demi LovatoConfident
18%
#44 (-4)Bryson TillerExchange
18%
#46 (+21)Kevin Gates2 Phones
16%
#39 (-6)Yo GattiDown In The DM
16%
#56 (-4)Jason DeruloGet Ugly
16%
#59 (+23)Kevin GatesReally Really
16%
#27 (=)Tory LanezSay It
16%
#70 (+11)Ellie GouldingSomething In The Way You Move
16%
#83 (-6)Bryson TillerSorry Not Sorry
16%
#50 (-4)Fetty WapAgain
14%
#99 (Re-Entry)SiaAlive
12%
#51 (-3)Chris BrownBack To Sleep
12%
#52 (-3)Young ThugBest Friend
12%
FALLOFF (#89)Ariana GrandeFocus
12%
#64 (-13)Fall Out Boy ft. Demi LovatoIrresistible
12%
#79 (+9)DJ Snake ft. Bipolar SunshineMiddle
12%
#53 (=)Jeremihoui
12%
#6 (DEBUT)DrakeSummer Sixteen
12%
#85 (DEBUT)Troye SivanYouth
12%
#73 (-2)Drake & FutureBig Rings
11%
#30 (-4)Thomas RhettDie A Happy Man
11%
#91 (DEBUT)RihannaNeeded Me
11%
#95 (-11)Missy Elliott ft. Pharrell WilliamsWTF (Where They From)
11%
#93 (-3)Dawin ft. SilentoDessert
9%
#82 (-2)Lil Dicky ft. Fetty Wap & Rich Homie Quan$ave Dat Money
7%
FALLOFF (#56)Wiz Khalifa ft. Travi$ ScottBake Sale
7%
#33 (-3)Sam HuntBreak Up In A Small Town
7%
#66 (=)Kelsea BalleriniDibs
7%
#84 (-14)Andy GrammerGood To Be Alive (Hallelujah)
7%
#58 (=)Carrie UnderwoodHeartbeat
7%
#40 (-2)Luke Bryan ft. Karen FairchildHome Alone Tonight
7%
#81 (+6)Rascal FlattsI Like The Sound Of That
7%
#71 (+20)Maren MorrisMy Church
7%
#47 (-5)J ColeNo Role Modelz
7%
#100 (-8)Big Sean ft. Chris Brown & Ty Dolla $ignPlay No Games
7%
#87 (-13)Nelly ft. JeremihThe Fix
7%
#57 (+3)Cole SwindellYou Should Be Here
7%
#55 (=)Granger SmithBackroad Song
5%
#63 (=)Zac Brown BandBeautiful Drug
5%
#69 (=)Florida Georgia LineConfession
5%
#77 (-1)Chris StapletonNobody To Blame
5%
#88 (+12)Old DominionSnapback
5%
#74 (-10)2 ChainzWatch Out
5%
#98 (+1)The WeekndAcquainted
4%
FALLOFF (#97)Curren$Y ft. August Alsina & Lil WayneBottom Of The Bottle
4%
#62 (-1)Keith UrbanBreak On Me
4%
#61 (+1)Brett EldredgeDrunk On Your Love
4%
FALLOFF (#96)Panic At The Disco!Emperor's New Clothes
4%
#86 (=)Tori KellyHollow
4%
#75 (-7)LoCashI Love This Life
4%
#97 (DEBUT)Kevin Gates ft. Trey Songz, Ty Dolla $ign & Jamie FoxxJam
4%
#65 (-15)Brothers OsborneStay A Little Longer
4%
#72 (=)Randy HouserWe Went
4%
#96 (-13)DeJ Loaf ft. Big SeanBack Up
2%
#90 (-12)DLOWBet You Can't Do It Like Me
2%
#94 (=)Brad PaisleyCountry Nation
2%
FALLOFF (#93)Jason AldeanGonna Know We Were Here
2%
FALLOFF (#95)Tim McGrawHumble And Kind
2%
FALLOFF (#73)Jana KramerI Got The Boy
2%
FALLOFF (#85)Eric ChurchMr Misunderstood
2%
FALLOFF (#98)Dierks BentleySomewhere On A Beach
2%
#89 (-24)Empire Of The SunWalking On A Dream
2%

Score Distribution

Percentile by Number Answered

Percent of People with Each Score

Your Score History

You have not taken this quiz